| 000 | 00947cam a22003017a 4500 | ||
|---|---|---|---|
| 003 | CHAP | ||
| 005 | 20220329134642.0 | ||
| 008 | 971013s1970 r 00010 d | ||
| 010 | _a23647 | ||
| 011 | _a24619 | ||
| 035 | _a28718 | ||
| 040 | _cCHAP | ||
| 090 | _aFolleto 2843 | ||
| 110 |
_aComisión Hidrológica de la Cuenca del Valle de México _925733 |
||
| 245 | 1 | 3 | _aEl Valle de México y la infiltración artificial |
| 260 |
_aMéxico, D. F. : _b(s.e.), _c1970 |
||
| 300 | _a35 h. | ||
| 590 |
_aBATCH-UPD _b10 _c20130110 _lUCH01 _h0040 |
||
| 590 |
_aBATCH-UPD _b10 _c20130110 _lUCH01 _h1318 |
||
| 590 |
_aBATCH-UPD _b10 _c20130409 _lUCH01 _h2025 |
||
| 590 |
_aBATCH-UPD _b10 _c20130914 _lUCH01 _h0309 |
||
| 590 |
_aCONVERSION _b10 _c20130109 _lUCH01 _h1314 |
||
| 650 | 1 | 4 |
_aAgua _xAlmacenamiento. _92279 |
| 650 | 1 | 4 |
_aSuelos _xPercolación. _9110457 |
| 901 | _aBK | ||
| 942 | _cFOLL | ||
| 949 |
_aFolleto 2843 _bBC _cFOLL _d-66192 _eTS1 _i28718 _mD _si |
||
| 999 |
_c23647 _d23647 |
||